Online Catalogue and eLibrary

Against child labour : (Record no. 2590)

MARC details
000 -LEADER
fixed length control field 00406nam a2200145Ia 4500
005 - DATE AND TIME OF LATEST TRANSACTION
control field 20240503005044.0
008 - FIXED-LENGTH DATA ELEMENTS--GENERAL INFORMATION
fixed length control field 240331s9999 xx 000 0 und d
020 ## - INTERNATIONAL STANDARD BOOK NUMBER
ISBN 8185399476
082 ## - DDC Classification
Item Number - Author Mark CHI
Class No. 5554
245 #0 - TITLE STATEMENT
Title Against child labour :
Remainder of title Indian and international dimensions and strategies
260 ## - PUBLICATION, DISTRIBUTION, ETC.
Place of publication, distribution, etc. New Delhi
Name of publisher, distributor, etc. Mosaic books
Date of publication, distribution, etc. 1999
300 ## - PHYSICAL DESCRIPTION
Extent (e.g. Volumes, Pages etc.) xv, 360 p .,
700 ## - ADDED ENTRY--PERSONAL NAME
Personal name voll, Klaus.
Relator term (Role) Editor
942 ## - Koha item type (Biblio)
Koha item type Books in Stacks (Lending)
Holdings
Lost status Damaged status Collection code Home library Current library Shelving location Date acquired Full call number Accession Number Item type
    Lending WERC Library WERC Library Social Science Cupboard 03/31/2024 331.31 CHI 5554 Books in Stacks (Lending)

© WERC Library